Central Library OPAC University of Rajshahi

দুই বাংলার কবিতায় বঙ্গবন্ধু / (Record no. 78812)

MARC details
000 -LEADER
fixed length control field 00864nam a2200229 a 4500
001 - CONTROL NUMBER
control field 78812
003 - CONTROL NUMBER IDENTIFIER
rucl marc code BD-RjUL
005 - DATE AND TIME OF LATEST TRANSACTION
control field 20211209083157.0
008 - FIXED-LENGTH DATA ELEMENTS--GENERAL INFORMATION
fixed length control field 211116r20202005bg ||||| |||| 00| 0 ben d
020 ## - INTERNATIONAL STANDARD BOOK NUMBER
International Standard Book Number 9789840425235
Terms of availability : Tk. 500.00
035 ## - SYSTEM CONTROL NUMBER
System control number (BD-RjUL)79039
040 ## - CATALOGING SOURCE
Original cataloging agency BD-RjUL
Language of cataloging eng
Transcribing agency BD-RjUL
041 ## - LANGUAGE CODE
Language code of text/sound track or separate title ben
082 ## - DEWEY DECIMAL CLASSIFICATION NUMBER
Edition number 23
Classification number 891.441
Author mark and year DUI 2020
245 00 - TITLE STATEMENT
Title দুই বাংলার কবিতায় বঙ্গবন্ধু /
Statement of responsibility, etc. সম্পাদনায় আখতার হুসেন
260 ## - PUBLICATION, DISTRIBUTION, ETC. (IMPRINT)
Place of publication, distribution, etc. ঢাকা :
Name of publisher, distributor, etc. আগামী প্রকাশনী,
Date of publication, distribution, etc. ২০০৫ [মুদ্রণ ২০২০]
300 ## - PHYSICAL DESCRIPTION
Pagination ২১৫ পৃ.;
Size ২২ সেমি.
650 ## - SUBJECT ADDED ENTRY--TOPICAL TERM
Topical term or geographic name as entry element বাংলা কবিতা
9 (RLIN) 250142
Topical term or geographic name as entry element Bengali poetry
9 (RLIN) 250143
700 ## - ADDED ENTRY--PERSONAL NAME
Personal name হুসেন, আখতার
942 ## - ADDED ENTRY ELEMENTS (KOHA)
Source of classification or shelving scheme Dewey Decimal Classification
Koha item type Books
Holdings
Lost status Source of classification or shelving scheme Damaged status Not for loan Collection code Permanent Location Current Location Shelving location Date acquired Source of acquisition Cost, normal purchase price Total Checkouts Full call number Date last seen Copy number Koha item type
  Dewey Decimal Classification     Non-fiction Central Library, University of Rajshahi Central Library, University of Rajshahi   11/11/2021 Rajshahi Bidasagar 375.00   B 891.441 DUI 2020 16/11/2021 C-2 Books
  Dewey Decimal Classification   Not For Loan Non-fiction Central Library, University of Rajshahi Central Library, University of Rajshahi Bangabandhu Corner Section 11/11/2021 Rajshahi Bidasagar 375.00   B 891.441 DUI 2020 23/11/2021 C-1 Books